• Ranzato, Dina - Rocca, Giancarlo

di Personal Name

Records bibliografici associati: 1

001 - CONTROL NUMBER

  • control field: 33907

003 - CONTROL NUMBER IDENTIFIER

  • control field: IT-RoPau

005 - DATE AND TIME OF LATEST TRANSACTION

  • control field: 20140729091423.0

008 - FIXED-LENGTH DATA ELEMENTS

  • fixed length control field: 140729|| aca||aabn | a|a d

040 ## - CATALOGING SOURCE

  • Original cataloging agency: IT-RoPau
  • Transcribing agency: IT-RoPau

100 ## - HEADING--PERSONAL NAME

  • Personal name: Ranzato, Dina - Rocca, Giancarlo

670 ## - SOURCE DATA FOUND

  • Source citation: Work cat.: (IT-RoPau)32887: Ranzato, Dina - Rocca, Giancarlo, 50 anni di una presenza pastorale., 1988
CREDITS: SOCIETA' SAN PAOLO Via A.Severo, 58 - ROMA (RM) & PERIODICI SAN PAOLO SRL Via Giotto, 36 MILANO & CISF Via Giotto, 36 MILANO & EDIZIONI SAN PAOLO SRL,  Piazza Soncino, 5 CINISELLO BALSAMO (MI) -- ITALY